000 00478nam a2200181Ia 4500
005 20240823061306.0
008 240823s9999||||xx |||||||||||||| ||und||
041 _aENGLISH
082 _A354.5400 Q9
100 _aSubburaj V V K
245 0 _a"FCI Junior Engineer, Assistant (Gr.II & III), Steno and Typist Phase-I"
250 _a1st
260 _c2019
_bSura College of Compet
500 _aYES
650 _aGeneral Knowledge
_bGeneral
942 _cBK
999 _c233170
_d233170